Lecturas americanas
Furkejuvvon:
| Váldodahkki: | |
|---|---|
| Materiálatiipa: | Girji |
| Giella: | Undetermined |
| Almmustuhtton: |
Santiago, Chile
Zig-Zag
1948
|
| Preanttus: | 2 |
| Fáttát: | |
| Fáddágilkorat: |
Lasit fáddágilkoriid
Eai fáddágilkorat, Lasit vuosttaš fáddágilkora!
|
MARC
| LEADER | 00000nam a2200000Ia 4500 | ||
|---|---|---|---|
| 008 | 170316s9999 xx 000 0 und d | ||
| 040 | |a cru BVZT | ||
| 090 | |a 860 S-18L | ||
| 100 | |a Scarpa, Roque Esteban | ||
| 245 | |a Lecturas americanas | ||
| 250 | |a 2 | ||
| 260 | |a Santiago, Chile | ||
| 260 | |b Zig-Zag | ||
| 260 | |c 1948 | ||
| 300 | |a 636 páginas | ||
| 650 | |a LITERATURA LATINOAMERICANA | ||
| 999 | |c 9204 |d 9204 | ||
| 942 | |c 15 D |h 860 S-18L |2 z | ||
